[Event "27. Open Internacional de Andorra"]
[Site "Andorra"]
[Date "2009.07.19"]
[Round "2.14"]
[White "Vernay, Clovis"]
[Black "Sanchez Jerez, Emilio"]
[Result "1/2-1/2"]
[WhiteElo "2463"]
[BlackElo "2212"]
[PlyCount "47"]
[EventDate "2009.07.18"]
[EventType "swiss"]
[EventRounds "9"]
[EventCountry "AND"]
[Source "lmi"]
[SourceDate "2009.07.18"]

1. d4 g6 2. c4 Bg7 3. e4 d6 4. Nc3 Nc6 5. d5 Nd4 6. Bd3 c5 7. dxc6 Nxc6 8. Nge2
Nf6 9. Nf4 O-O 10. Be2 Bd7 11. Be3 Qa5 12. O-O Rac8 13. Rc1 Qd8 14. Nd3 Na5 15.
b3 Bc6 16. f3 b6 17. Qd2 Nd7 18. Nf2 Bb7 19. Rfd1 Nc6 20. Ng4 Ba8 21. Nd5 h5
22. Nf2 Nc5 23. f4 e6 24. Nc3 1/2-1/2

[Event "27. Open Internacional de Andorra"]
[Site "Andorra"]
[Date "2009.07.19"]
[Round "2.15"]
[White "Quidiello Prado, Manuel Rogelio"]
[Black "Siebrecht, Sebastian"]
[Result "0-1"]
[WhiteElo "2209"]
[BlackElo "2458"]
[PlyCount "70"]
[EventDate "2009.07.18"]
[EventType "swiss"]
[EventRounds "9"]
[EventCountry "AND"]
[Source "lmi"]
[SourceDate "2009.07.18"]

1. d4 g6 2. c4 Bg7 3. Nc3 c5 4. Nf3 cxd4 5. Nxd4 Nc6 6. e3 Nf6 7. Be2 O-O 8.
O-O d6 9. b3 Bd7 10. Bb2 Rc8 11. Rc1 Re8 12. Qd2 a6 13. Rfd1 Nxd4 14. exd4 Qc7
15. h3 Qb8 16. a4 b6 17. Bf3 b5 18. axb5 axb5 19. Nd5 bxc4 20. bxc4 Nxd5 21.
Bxd5 Ba4 22. Re1 Bb3 23. Qe2 e6 24. Bf3 Bxc4 25. Rxc4 Rxc4 26. Qxc4 Qxb2 27. d5
Bd4 28. Re2 Qb1+ 29. Kh2 e5 30. Be4 Qf1 31. Qc2 Ra8 32. Bd3 Ra1 33. Kg3 Rc1 34.
Qd2 Rd1 35. Qc2 Rxd3+ 0-1

[Event "27. Open Internacional de Andorra"]
[Site "Andorra"]
[Date "2009.07.19"]
[Round "2.16"]
[White "Vila Gazquez, Javier"]
[Black "Deshpande, Aniruddha"]
[Result "1-0"]
[WhiteElo "2457"]
[BlackElo "2211"]
[PlyCount "127"]
[EventDate "2009.07.18"]
[EventType "swiss"]
[EventRounds "9"]
[EventCountry "AND"]
[Source "lmi"]
[SourceDate "2009.07.18"]

1. e4 c5 2. Nf3 d6 3. d4 cxd4 4. Nxd4 Nf6 5. Nc3 e6 6. Bc4 Be7 7. Bb3 Na6 8.
Qf3 Nc5 9. g4 Nfd7 10. Qg3 a6 11. Be3 Ne5 12. O-O-O Bd7 13. f4 Nc6 14. f5 Qc7
15. g5 O-O-O 16. Rhf1 Ne5 17. h4 g6 18. fxe6 fxe6 19. Bxe6 Bxe6 20. Nxe6 Nxe6
21. Nd5 Qa5 22. Qh3 Kb8 23. Qxe6 Rhe8 24. Nxe7 Qc7 25. Nd5 Rxe6 26. Nxc7 Kxc7
27. Rf4 Rde8 28. Bd2 R8e7 29. Bc3 Nc6 30. Bf6 Re8 31. Re1 b5 32. a3 Kb6 33. Re3
d5 34. e5 Nxe5 35. Bxe5 Rxe5 36. Rxe5 Rxe5 37. Rf7 h5 38. gxh6 Rh5 39. Rf6+ Kc5
40. Rxg6 a5 41. Rg4 Rxh6 42. Kd2 b4 43. axb4+ axb4 44. b3 Rh7 45. Ke3 Re7+ 46.
Kf2 Rf7+ 47. Kg3 Rf5 48. Rf4 Re5 49. Kf3 d4 50. Rf8 Re3+ 51. Kg4 Rc3 52. h5 d3
53. cxd3 Rxb3 54. h6 Rb1 55. Rc8+ Kd4 56. h7 Rh1 57. h8=Q+ Rxh8 58. Rxh8 Kxd3
59. Rb8 Kc3 60. Kf3 b3 61. Ke2 Kc2 62. Rc8+ Kb1 63. Kd2 Kb2 64. Rb8 1-0

[Event "27. Open Internacional de Andorra"]
[Site "Andorra"]
[Date "2009.07.19"]
[Round "2.17"]
[White "Shytaj, Luca"]
[Black "Nascimento, Alexandre"]
[Result "1-0"]
[WhiteElo "2455"]
[BlackElo "2206"]
[PlyCount "49"]
[EventDate "2009.07.18"]
[EventType "swiss"]
[EventRounds "9"]
[EventCountry "AND"]
[Source "lmi"]
[SourceDate "2009.07.18"]

1. e4 d6 2. d4 Nf6 3. Nc3 g6 4. f3 Bg7 5. Be3 Na6 6. Qd2 c6 7. Bh6 Bxh6 8. Qxh6
Qa5 9. Bxa6 bxa6 10. Nge2 Rb8 11. Rb1 Be6 12. O-O Rg8 13. Qd2 g5 14. b4 Qc7 15.
Rfe1 Kf8 16. Ng3 c5 17. bxc5 Rxb1 18. Nxb1 dxc5 19. d5 Bc8 20. e5 Ne8 21. Nc3
Rg6 22. f4 gxf4 23. Qxf4 Kg8 24. d6 Qc6 25. dxe7 1-0

[Event "27. Open Internacional de Andorra"]
[Site "Andorra"]
[Date "2009.07.19"]
[Round "2.18"]
[White "Lamorelle, Julien"]
[Black "Dvirnyy, Daniyl"]
[Result "0-1"]
[WhiteElo "2194"]
[BlackElo "2440"]
[PlyCount "80"]
[EventDate "2009.07.18"]
[EventType "swiss"]
[EventRounds "9"]
[EventCountry "AND"]
[Source "lmi"]
[SourceDate "2009.07.18"]

1. e4 c6 2. d4 d5 3. e5 Bf5 4. h4 h5 5. c4 dxc4 6. Bxc4 e6 7. Nc3 Nd7 8. Bg5
Qb6 9. Qd2 Qb4 10. Be2 f6 11. a3 Qa5 12. exf6 gxf6 13. Be3 O-O-O 14. Nf3 Bb4
15. O-O Bxc3 16. Qxc3 Qxc3 17. bxc3 Bg4 18. Bc4 Ne7 19. Nd2 Bf5 20. Bb3 Rhg8
21. Bf4 Nd5 22. Bg3 Nxc3 23. Rfe1 Nf8 24. Rac1 Nb5 25. Nc4 Bd3 26. Re3 Bxc4 27.
Bxc4 Nxd4 28. Kf1 Rg4 29. Rd1 Nf5 30. Rxd8+ Kxd8 31. Rd3+ Ke8 32. Bb3 Nxg3+ 33.
fxg3 Rg7 34. Bd1 Rh7 35. Kf2 Nd7 36. Rf3 Ke7 37. Rb3 b6 38. a4 Nc5 39. Re3 f5
40. a5 Ne4+ 0-1

[Event "27. Open Internacional de Andorra"]
[Site "Andorra"]
[Date "2009.07.20"]
[Round "3.1"]
[White "Spraggett, Kevin"]
[Black "Zilberman, Yaacov"]
[Result "1/2-1/2"]
[WhiteElo "2606"]
[BlackElo "2439"]
[PlyCount "83"]
[EventDate "2009.07.18"]
[EventType "swiss"]
[EventRounds "9"]
[EventCountry "AND"]
[Source "lmi"]
[SourceDate "2009.07.18"]

1. e4 e5 2. Nf3 Nc6 3. Bb5 a6 4. Ba4 Nf6 5. O-O Be7 6. Re1 b5 7. Bb3 d6 8. c3
O-O 9. h3 Na5 10. Bc2 c5 11. d4 Nc6 12. d5 Na5 13. Nbd2 g6 14. b3 Bd7 15. Nf1
Nh5 16. Bh6 Re8 17. Qd2 Bf6 18. Rac1 c4 19. b4 Nb7 20. a3 a5 21. Bb1 Bg7 22.
Bg5 Bf6 23. Be3 Qe7 24. Ng3 Nf4 25. Bxf4 exf4 26. Qxf4 axb4 27. axb4 Ra3 28.
Qd2 Qd8 29. Ne2 Bg7 30. Ned4 Qb6 31. Re2 Qc7 32. Rce1 Nd8 33. Qb2 Ra6 34. Rd1
Bh6 35. Ree1 f6 36. Bc2 Nf7 37. Ra1 Rea8 38. Rxa6 Rxa6 39. Ne6 Qa7 40. Bb1 Ne5
41. Ned4 Kf8 42. Rd1 1/2-1/2

[Event "27. Open Internacional de Andorra"]
[Site "Andorra"]
[Date "2009.07.20"]
[Round "3.2"]
[White "Delorme, Axel"]
[Black "Edouard, Romain"]
[Result "0-1"]
[WhiteElo "2434"]
[BlackElo "2597"]
[PlyCount "96"]
[EventDate "2009.07.18"]
[EventType "swiss"]
[EventRounds "9"]
[EventCountry "AND"]
[Source "lmi"]
[SourceDate "2009.07.18"]

1. e4 c5 2. Nf3 Nc6 3. Bb5 d6 4. Bxc6+ bxc6 5. e5 dxe5 6. Nxe5 Qd5 7. Nf3 Qe4+
8. Kf1 g6 9. Nc3 Qf5 10. d3 Bg7 11. Qe2 Nf6 12. Ne5 Qe6 13. Nc4 Qd7 14. Be3 Nd5
15. Bxc5 Nxc3 16. bxc3 Bxc3 17. Rb1 Bf6 18. Nd6+ Kf8 19. Ne4 Kg7 20. Nxf6 exf6
21. Be3 Qd5 22. Qd2 Re8 23. c4 Qf5 24. h3 Ba6 25. Ke2 Rad8 26. Qc3 c5 27. g4
Qf4 28. Rhg1 Rd6 29. Rb3 Kg8 30. Rg3 Rde6 31. Rf3 Qd6 32. Qb2 Re5 33. Qc3 Bc8
34. Kd2 f5 35. gxf5 Bxf5 36. Kc2 Qc6 37. Rg3 h5 38. h4 Qh1 39. Rb5 Qxh4 40.
Bxc5 Qf4 41. Kb3 a6 42. Be3 Rxb5+ 43. cxb5 Be6+ 44. Ka3 Qd6+ 45. Bc5 Qd5 46.
Qc4 Qf5 47. Qb4 Rc8 48. Bd4 Rc2 0-1

[Event "27. Open Internacional de Andorra"]
[Site "Andorra"]
[Date "2009.07.20"]
[Round "3.3"]
[White "Balogh, Csaba"]
[Black "Wegerle, Joerg"]
[Result "1/2-1/2"]
[WhiteElo "2595"]
[BlackElo "2430"]
[PlyCount "79"]
[EventDate "2009.07.18"]
[EventType "swiss"]
[EventRounds "9"]
[EventCountry "AND"]
[Source "lmi"]
[SourceDate "2009.07.18"]

1. e4 e5 2. Nf3 Nc6 3. Bb5 Nf6 4. O-O Nxe4 5. d4 Nd6 6. Bxc6 dxc6 7. dxe5 Nf5
8. Qxd8+ Kxd8 9. Nc3 Ke8 10. h3 Be7 11. Rd1 Nh4 12. Nxh4 Bxh4 13. g4 Be7 14.
Kg2 h5 15. f3 Be6 16. Be3 a5 17. a4 Rd8 18. Rxd8+ Kxd8 19. Ne2 hxg4 20. hxg4
Kc8 21. Nf4 Bd7 22. Nh5 Rh7 23. Bd4 c5 24. Bc3 g6 25. Nf4 b6 26. b3 Bg5 27. Nh3
Be7 28. Nf4 Bg5 29. Bd2 Bxf4 30. Bxf4 c4 31. bxc4 c5 32. Rd1 Bxa4 33. Rd6 Kb7
34. Bg5 Bc6 35. Bf6 Kc7 36. Rd1 Bd7 37. Kg3 a4 38. Kg2 Rh6 39. Kg3 Rh7 40. Kg2
1/2-1/2

[Event "27. Open Internacional de Andorra"]
[Site "Andorra"]
[Date "2009.07.20"]
[Round "3.4"]
[White "Panelo, Marcelo"]
[Black "Marin, Mihail"]
[Result "0-1"]
[WhiteElo "2425"]
[BlackElo "2583"]
[PlyCount "112"]
[EventDate "2009.07.18"]
[EventType "swiss"]
[EventRounds "9"]
[EventCountry "AND"]
[Source "lmi"]
[SourceDate "2009.07.18"]

1. d4 Nf6 2. c4 g6 3. Nc3 d5 4. Bf4 Bg7 5. e3 c6 6. Nf3 O-O 7. Be2 dxc4 8. Bxc4
Bg4 9. h3 Bxf3 10. Qxf3 Nbd7 11. O-O Qa5 12. Rad1 Nb6 13. Bb3 Qb4 14. e4 Rad8
15. e5 Nfd5 16. Bg5 f6 17. exf6 Bxf6 18. Bd2 Qd6 19. Ne4 Qb8 20. Qg4 Kh8 21.
Nc5 Rd6 22. a4 Rfd8 23. a5 Na8 24. Rfe1 Nac7 25. Ne4 R6d7 26. Ng5 Kg7 27. Bc2
Bxg5 28. Bxg5 Ne8 29. Qh4 Qd6 30. Qh6+ Kg8 31. Re5 Ng7 32. Rde1 Rf8 33. Qh4 Rf7
34. Qg4 Nf6 35. Qe2 Qb4 36. Bd2 Qxb2 37. Qc4 Rxd4 38. Qc3 Qxc3 39. Bxc3 Rd7 40.
a6 b6 41. Bb3 Nd5 42. Bb2 e6 43. Rc1 Nb4 44. Ba3 Rd3 45. Re3 Rxe3 46. fxe3 Nxa6
47. Rxc6 Rc7 48. Bxe6+ Nxe6 49. Rxe6 Kf7 50. Re4 Nc5 51. Rd4 Ke6 52. Kf2 a5 53.
Rd8 b5 54. Rb8 b4 55. Rb5 bxa3 56. Rxa5 Ne4+ 0-1

[Event "27. Open Internacional de Andorra"]
[Site "Andorra"]
[Date "2009.07.20"]
[Round "3.5"]
[White "Peralta, Fernando"]
[Black "Matnadze, Ana"]
[Result "1-0"]
[WhiteElo "2574"]
[BlackElo "2413"]
[PlyCount "65"]
[EventDate "2009.07.18"]
[EventType "swiss"]
[EventRounds "9"]
[EventCountry "AND"]
[Source "lmi"]
[SourceDate "2009.07.18"]

1. d4 Nf6 2. c4 e6 3. Nc3 Bb4 4. e3 Nc6 5. Nge2 d5 6. cxd5 exd5 7. g3 h5 8. h3
Bf5 9. Bg2 Qd7 10. Bd2 Ne7 11. f3 c6 12. Qb3 a5 13. a3 Bxc3 14. Qxc3 Nc8 15. a4
Nd6 16. b3 g5 17. e4 Nfxe4 18. fxe4 Nxe4 19. Bxe4 Bxe4 20. Rf1 Rg8 21. O-O-O
Qxh3 22. Qc5 Rg6 23. Bxa5 Qg2 24. Rde1 Re6 25. Bb4 O-O-O 26. Qa7 Bg6 27. Ba5
Kd7 28. Qxb7+ Ke8 29. Bxd8 Qe4 30. Kb2 Qc2+ 31. Ka3 Rxe2 32. Rxe2+ Qxe2 33. Bf6
1-0

[Event "27. Open Internacional de Andorra"]
[Site "Andorra"]
[Date "2009.07.20"]
[Round "3.9"]
[White "Damljanovic, Branko"]
[Black "Bok, Benjamin"]
[Result "1-0"]
[WhiteElo "2551"]
[BlackElo "2360"]
[PlyCount "90"]
[EventDate "2009.07.18"]
[EventType "swiss"]
[EventRounds "9"]
[EventCountry "AND"]
[Source "lmi"]
[SourceDate "2009.07.18"]

1. c4 Nf6 2. Nc3 d5 3. d4 g6 4. Bg5 Ne4 5. Bh4 Nxc3 6. bxc3 dxc4 7. e3 Be6 8.
Be2 Bg7 9. Nf3 c5 10. O-O cxd4 11. Nxd4 Bd7 12. Bxc4 Nc6 13. Bd5 O-O 14. Rb1
Qc7 15. Bg3 Qc8 16. Qb3 e6 17. Bf3 e5 18. Nb5 Be6 19. Qa4 Rd8 20. Rfd1 Bf8 21.
c4 Rxd1+ 22. Rxd1 Bg4 23. Bxg4 Qxg4 24. Nc7 Rc8 25. h3 Qf5 26. Nd5 Qe6 27. Qb5
b6 28. Qa6 h6 29. a4 Rd8 30. Kh2 Kg7 31. a5 Nxa5 32. Nc7 Qe7 33. Rxd8 Qxd8 34.
Qxa7 Qe7 35. Qxb6 Nxc4 36. Qc6 Nd2 37. Kg1 Kg8 38. Nd5 Qd6 39. Nf6+ Kh8 40. Qe8
Qe7 41. Bxe5 Qxe8 42. Nxe8+ f6 43. Nxf6 Bg7 44. Nd7 Ne4 45. Bxg7+ Kxg7 1-0

[Event "27. Open Internacional de Andorra"]
[Site "Andorra"]
[Date "2009.07.20"]
[Round "3.10"]
[White "Guramishvili, Sopiko"]
[Black "Brunello, Sabino"]
[Result "1/2-1/2"]
[WhiteElo "2339"]
[BlackElo "2547"]
[PlyCount "65"]
[EventDate "2009.07.18"]
[EventType "swiss"]
[EventRounds "9"]
[EventCountry "AND"]
[Source "lmi"]
[SourceDate "2009.07.18"]

1. Nf3 Nf6 2. c4 e6 3. Nc3 b6 4. g3 Bb7 5. Bg2 c5 6. O-O Be7 7. Re1 d5 8. cxd5
exd5 9. d4 Nbd7 10. dxc5 Bxc5 11. Ng5 Ne5 12. Bf4 Neg4 13. e3 h6 14. Nf3 g5 15.
Be5 O-O 16. Bxf6 Qxf6 17. h3 Ne5 18. Nxe5 Qxe5 19. Qb3 Rad8 20. Rad1 Kg7 21.
Nxd5 Bxd5 22. Bxd5 Rd6 23. Bf3 Rfd8 24. Rxd6 Rxd6 25. Rd1 Rxd1+ 26. Bxd1 a5 27.
Bc2 Kf8 28. Bd1 Qe6 29. Qxe6 fxe6 30. Kg2 Bd6 31. Kf3 Be5 32. b3 Bc3 33. Ke4
1/2-1/2

[Event "27. Open Internacional de Andorra"]
[Site "Andorra"]
[Date "2009.07.20"]
[Round "3.12"]
[White "Arizmendi Martinez, Julen Luis"]
[Black "Midoux, Sebastien"]
[Result "1-0"]
[WhiteElo "2528"]
[BlackElo "2331"]
[PlyCount "63"]
[EventDate "2009.07.18"]
[EventType "swiss"]
[EventRounds "9"]
[EventCountry "AND"]
[Source "lmi"]
[SourceDate "2009.07.18"]

1. Nf3 Nf6 2. c4 g6 3. Nc3 d5 4. Qa4+ Bd7 5. Qb3 dxc4 6. Qxc4 a6 7. d3 Nc6 8.
g3 Bg7 9. Bg2 O-O 10. Qh4 Kh8 11. Bh6 Ng8 12. Bxg7+ Kxg7 13. d4 e6 14. Qf4 Nb4
15. Qd2 Nd5 16. e4 Nxc3 17. Qxc3 Nf6 18. Ne5 Re8 19. O-O Re7 20. Rfd1 Be8 21.
Rac1 c6 22. f4 Kg8 23. h3 a5 24. Kh2 Nd7 25. Nc4 Nb6 26. Ne3 Rd7 27. Ng4 Na4
28. Qc2 b5 29. e5 Rxd4 30. Nf6+ Kh8 31. b3 Nb6 32. Qc5 1-0

[Event "27. Open Internacional de Andorra"]
[Site "Andorra"]
[Date "2009.07.20"]
[Round "3.13"]
[White "Siebrecht, Sebastian"]
[Black "Forestier, Carole"]
[Result "1-0"]
[WhiteElo "2458"]
[BlackElo "2111"]
[PlyCount "135"]
[EventDate "2009.07.18"]
[EventType "swiss"]
[EventRounds "9"]
[EventCountry "AND"]
[Source "lmi"]
[SourceDate "2009.07.18"]

1. c4 e6 2. Nc3 d5 3. d4 Nf6 4. Nf3 c6 5. Bg5 h6 6. Bxf6 Qxf6 7. e3 Nd7 8. Qc2
Bb4 9. a3 Ba5 10. b4 Bb6 11. cxd5 cxd5 12. Bd3 O-O 13. O-O a6 14. Rad1 Qe7 15.
e4 dxe4 16. Bxe4 Nf6 17. Rfe1 Qc7 18. Qb3 Bd7 19. Rc1 Nxe4 20. Nxe4 Bc6 21. Ne5
Bxd4 22. Nxc6 bxc6 23. Qc4 Rfd8 24. Re2 Rac8 25. g3 Qb6 26. Kg2 Qb5 27. Rec2
Qf5 28. Qe2 Qd5 29. f3 Qb3 30. Ra2 Rd5 31. Rc4 Qb1 32. Nf2 Re5 33. Qc2 Qxc2 34.
Raxc2 Ba7 35. Ng4 Rb5 36. Rxc6 Rxc6 37. Rxc6 a5 38. Rc8+ Kh7 39. Rc7 Bd4 40.
Rc4 e5 41. f4 f6 42. fxe5 fxe5 43. Kf3 Bb2 44. bxa5 Rb3+ 45. Ke4 Rxa3 46. Rb4
Bc3 47. Rb7 Rxa5 48. Nf6+ Kg6 49. Ne8 h5 50. Rxg7+ Kh6 51. Rc7 Bd4 52. Rc6+ Kh7
53. Nf6+ Kg6 54. Nd5+ Kg7 55. Ne7 Ra2 56. Nf5+ Kf7 57. h3 Rh2 58. h4 Re2+ 59.
Kd5 Rd2 60. Nd6+ Kg7 61. Ne4 Rd3 62. Ke6 Re3 63. Kf5 Rf3+ 64. Kg5 Re3 65. Rc7+
Kf8 66. Kf6 Rf3+ 67. Ke6 Re3 68. Nf6 1-0

[Event "27. Open Internacional de Andorra"]
[Site "Andorra"]
[Date "2009.07.20"]
[Round "3.14"]
[White "Schneider, Veronika"]
[Black "Vila Gazquez, Javier"]
[Result "1-0"]
[WhiteElo "2301"]
[BlackElo "2457"]
[PlyCount "73"]
[EventDate "2009.07.18"]
[EventType "swiss"]
[EventRounds "9"]
[EventCountry "AND"]
[Source "lmi"]
[SourceDate "2009.07.18"]

1. e4 c6 2. c4 d5 3. cxd5 cxd5 4. exd5 Nf6 5. Qa4+ Nbd7 6. Nc3 g6 7. Bc4 Bg7 8.
Nf3 O-O 9. d3 a6 10. Qa3 b6 11. O-O Bb7 12. Re1 Re8 13. Ng5 h6 14. Nge4 Rc8 15.
Bf4 Nxe4 16. Nxe4 Nc5 17. Nxc5 Rxc5 18. Be5 Bxd5 19. b4 Rc8 20. Bxg7 Kxg7 21.
Qb2+ Kg8 22. Bxa6 Rc7 23. Bb5 Rf8 24. Qe5 e6 25. a4 Rc2 26. Rac1 Ra2 27. Qf4 g5
28. Qd4 Qa8 29. Qf6 Bxg2 30. Qxh6 Qf3 31. Qxg5+ Kh7 32. Qh4+ Kg6 33. Re3 Rg8
34. Rxf3 Bxf3 35. Kf1 Be2+ 36. Ke1 Kf5 37. Qh7+ 1-0

[Event "27. Open Internacional de Andorra"]
[Site "Andorra"]
[Date "2009.07.20"]
[Round "3.15"]
[White "Abhishek, Kelkar"]
[Black "Shytaj, Luca"]
[Result "1/2-1/2"]
[WhiteElo "2158"]
[BlackElo "2455"]
[PlyCount "51"]
[EventDate "2009.07.18"]
[EventType "swiss"]
[EventRounds "9"]
[EventCountry "AND"]
[Source "lmi"]
[SourceDate "2009.07.18"]

1. e4 c5 2. Nc3 d6 3. Nf3 a6 4. d4 cxd4 5. Nxd4 Nf6 6. Bc4 e6 7. Bb3 b5 8. f3
Nbd7 9. Be3 Nc5 10. Qd2 Bd7 11. a3 Qc7 12. Ba2 Rc8 13. O-O Be7 14. g4 h6 15.
Rae1 Qb8 16. b4 Nb7 17. Nf5 exf5 18. exf5 Bc6 19. Bd4 Kf8 20. f4 d5 21. Rxe7
Kxe7 22. Be5 Qa7+ 23. Bd4 Qb8 24. Be5 Qa7+ 25. Bd4 Qb8 26. Be5 1/2-1/2

[Event "27. Open Internacional de Andorra"]
[Site "Andorra"]
[Date "2009.07.20"]
[Round "3.16"]
[White "Dvirnyy, Daniyl"]
[Black "Alberto, Manuel"]
[Result "1-0"]
[WhiteElo "2440"]
[BlackElo "2089"]
[PlyCount "55"]
[EventDate "2009.07.18"]
[EventType "swiss"]
[EventRounds "9"]
[EventCountry "AND"]
[Source "lmi"]
[SourceDate "2009.07.18"]

1. e4 c5 2. Nf3 d6 3. Bc4 e6 4. d4 cxd4 5. Nxd4 Qc7 6. Bb3 a6 7. Nc3 Nc6 8. Be3
Bd7 9. Qe2 Nf6 10. O-O-O Na5 11. g4 Nxb3+ 12. axb3 Bc6 13. f3 Be7 14. g5 Nd7
15. h4 Qa5 16. Kb1 O-O-O 17. h5 Nf8 18. Nxc6 bxc6 19. Rd4 c5 20. Ra4 Qb6 21.
Rxa6 Qb7 22. b4 Nd7 23. bxc5 Nxc5 24. Ra5 Kd7 25. Rd1 Ke8 26. Bxc5 dxc5 27.
Rxd8+ Kxd8 28. Nb5 1-0

[Event "27. Open Internacional de Andorra"]
[Site "Andorra"]
[Date "2009.07.20"]
[Round "3.17"]
[White "Schoder, Volker"]
[Black "De La Riva Aguado, Oscar"]
[Result "0-1"]
[WhiteElo "2092"]
[BlackElo "2532"]
[PlyCount "68"]
[EventDate "2009.07.18"]
[EventType "swiss"]
[EventRounds "9"]
[EventCountry "AND"]
[Source "lmi"]
[SourceDate "2009.07.18"]

1. d4 g6 2. c4 Bg7 3. Nc3 c5 4. d5 f5 5. Nf3 d6 6. Qc2 Nf6 7. e4 Nxe4 8. Nxe4
fxe4 9. Ng5 Bf5 10. Nxe4 Nd7 11. Bd3 Ne5 12. O-O O-O 13. Bd2 Qd7 14. a4 Nxd3
15. Qxd3 Bxb2 16. Ra2 Bg7 17. Re1 Rae8 18. Bc3 Bxc3 19. Qxc3 e5 20. Qb3 Bxe4
21. Rxe4 Rf4 22. Rae2 Ref8 23. a5 Rxe4 24. Rxe4 Rf7 25. f3 Kg7 26. Qb5 Qxb5 27.
cxb5 Rf4 28. Kf2 Kf6 29. g3 Rxe4 30. fxe4 Kg5 31. Kf3 c4 32. h3 c3 33. Ke3 h5
34. b6 axb6 0-1

[Event "27. Open Internacional de Andorra"]
[Site "Andorra"]
[Date "2009.07.20"]
[Round "3.18"]
[White "Garcia Paolicchi, Raul"]
[Black "Vernay, Clovis"]
[Result "0-1"]
[WhiteElo "2229"]
[BlackElo "2463"]
[PlyCount "106"]
[EventDate "2009.07.18"]
[EventType "swiss"]
[EventRounds "9"]
[EventCountry "AND"]
[Source "lmi"]
[SourceDate "2009.07.18"]

1. d4 d5 2. Nf3 Nf6 3. c4 c6 4. e3 Bf5 5. Nc3 e6 6. Nh4 Be4 7. f3 Bg6 8. Qb3
Qb6 9. Nxg6 hxg6 10. g3 Bd6 11. f4 Be7 12. Bg2 Nbd7 13. O-O Qc7 14. Bd2 Nb6 15.
cxd5 exd5 16. Rae1 Nc4 17. Qc2 O-O-O 18. a3 Kb8 19. Bc1 Nd6 20. Nd1 Nde4 21.
Nc3 Nd6 22. Nd1 Ng4 23. h3 Nf6 24. Nc3 Nh5 25. Ne2 f5 26. Bd2 Rde8 27. Kf2 Qd7
28. b4 Qe6 29. Nc3 Nf6 30. Rh1 g5 31. Bc1 Nh5 32. Ne2 Nc4 33. Rhg1 g6 34. Rh1
Bd8 35. Qd3 Nd6 36. Qc2 Rh7 37. Rhg1 Nf6 38. Nc3 Nde4+ 39. Nxe4 Nxe4+ 40. Bxe4
fxe4 41. h4 gxh4 42. g4 h3 43. g5 h2 44. Rh1 Qg4 45. Ref1 Bxg5 46. Ke1 Bh4+ 47.
Kd2 g5 48. fxg5 Qxg5 49. Kc3 Bg3 50. Kb3 Bd6 51. Qe2 Rg8 52. Bd2 Qg2 53. Qd1
Rg3 0-1

[Event "27. Open Internacional de Andorra"]
[Site "Andorra"]
[Date "2009.07.20"]
[Round "3.19"]
[White "Huerga Leache, Mikel"]
[Black "Monell Camarasa, David"]
[Result "1/2-1/2"]
[WhiteElo "2456"]
[BlackElo "2230"]
[PlyCount "77"]
[EventDate "2009.07.18"]
[EventType "swiss"]
[EventRounds "9"]
[EventCountry "AND"]
[Source "lmi"]
[SourceDate "2009.07.18"]

1. e4 c6 2. Nc3 d5 3. d4 dxe4 4. Nxe4 Bf5 5. Ng3 Bg6 6. Bc4 e6 7. N1e2 h6 8.
Nf4 Bh7 9. O-O Nf6 10. Ngh5 Nbd7 11. Re1 Qb6 12. Re3 O-O-O 13. Rb3 Qc7 14. Bxe6
fxe6 15. Nxe6 Qa5 16. Nxf6 Bxc2 17. Bd2 Bxd1 18. Bxa5 Bxb3 19. axb3 b6 20. Nxd8
gxf6 21. Nxc6 bxa5 22. Rxa5 Kb7 23. Nxa7 Be7 24. b4 Nb6 25. Nb5 Bxb4 26. Ra7+
Kc6 27. Nc3 Ra8 28. Rxa8 Nxa8 29. g4 Nc7 30. Kg2 Bxc3 31. bxc3 Nb5 32. Kg3 Nxc3
33. Kh4 Kd5 34. Kh5 Kxd4 35. Kxh6 Ke5 36. h4 Ne4 37. f3 Nd2 38. g5 Nxf3 39.
gxf6 1/2-1/2

[Event "27. Open Internacional de Andorra"]
[Site "Andorra"]
[Date "2009.07.20"]
[Round "3.20"]
[White "Sanchez Jerez, Emilio"]
[Black "Vehi Bach, Victor Manuel"]
[Result "0-1"]
[WhiteElo "2212"]
[BlackElo "2387"]
[PlyCount "98"]
[EventDate "2009.07.18"]
[EventType "swiss"]
[EventRounds "9"]
[EventCountry "AND"]
[Source "lmi"]
[SourceDate "2009.07.18"]

1. e4 c5 2. Nf3 e6 3. Nc3 a6 4. g3 b5 5. d4 cxd4 6. Nxd4 Bb7 7. Bg2 b4 8. Na4
Nf6 9. O-O Bxe4 10. Bxe4 Nxe4 11. Re1 Nc5 12. c3 Nxa4 13. Qxa4 Qb6 14. Be3 Bc5
15. Nb3 Bxe3 16. Rxe3 Nc6 17. cxb4 Qxb4 18. Re4 Qxa4 19. Rxa4 Ke7 20. Rc1 Rhb8
21. f4 Rb4 22. Rc4 Rxc4 23. Rxc4 a5 24. Ra4 Rb8 25. Kf2 Rb5 26. Ke3 d5 27. h4
h5 28. Nd4 Nxd4 29. Kxd4 f6 30. Kc3 e5 31. a3 d4+ 32. Kc2 Ke6 33. fxe5 fxe5 34.
b4 axb4 35. axb4 Kd5 36. Ra7 Rxb4 37. Rxg7 Ke4 38. g4 hxg4 39. Rxg4+ Kf3 40.
Rg1 e4 41. h5 Rc4+ 42. Kd2 d3 43. Rf1+ Kg2 44. Rf7 Rc2+ 45. Ke1 Ra2 46. Rd7 Kf3
47. h6 Ra1+ 48. Kd2 e3+ 49. Kc3 e2 0-1

[Event "27. Open Internacional de Andorra"]
[Site "Andorra"]
[Date "2009.07.21"]
[Round "4.2"]
[White "Marin, Mihail"]
[Black "Arizmendi Martinez, Julen Luis"]
[Result "1/2-1/2"]
[WhiteElo "2583"]
[BlackElo "2528"]
[PlyCount "46"]
[EventDate "2009.07.18"]
[EventType "swiss"]
[EventRounds "9"]
[EventCountry "AND"]
[Source "lmi"]
[SourceDate "2009.07.18"]

1. c4 e5 2. g3 Nf6 3. Bg2 d5 4. cxd5 Nxd5 5. Nc3 Nb6 6. Nf3 Nc6 7. O-O Be7 8.
a3 O-O 9. b4 Be6 10. Rb1 f6 11. d3 a5 12. b5 Nd4 13. Nd2 Qc8 14. e3 Nf5 15. Qc2
Rd8 16. Rd1 Nd6 17. a4 Nf7 18. Bb2 Bh3 19. Nf3 Bxg2 20. Kxg2 Qe6 21. d4 exd4
22. Nxd4 Qc4 23. Ra1 Bb4 1/2-1/2

[Event "27. Open Internacional de Andorra"]
[Site "Andorra"]
[Date "2009.07.21"]
[Round "4.3"]
[White "Siebrecht, Sebastian"]
[Black "Peralta, Fernando"]
[Result "1/2-1/2"]
[WhiteElo "2458"]
[BlackElo "2574"]
[PlyCount "44"]
[EventDate "2009.07.18"]
[EventType "swiss"]
[EventRounds "9"]
[EventCountry "AND"]
[Source "lmi"]
[SourceDate "2009.07.18"]

1. c4 e6 2. Nc3 d5 3. d4 Bb4 4. Nf3 Nf6 5. Bg5 Nbd7 6. e3 c5 7. a3 Bxc3+ 8.
bxc3 Qa5 9. Qc2 Ne4 10. cxd5 exd5 11. Bd3 Qxc3+ 12. Qxc3 Nxc3 13. Rc1 Ne4 14.
dxc5 Ndxc5 15. Bxe4 Nxe4 16. Rc7 O-O 17. Be7 Re8 18. Nd4 b6 19. f3 Nc5 20. Bxc5
bxc5 21. Rxc5 Rxe3+ 22. Kf2 Re7 1/2-1/2